| 000 | 01180nam a2200169Ia 4500 | ||
|---|---|---|---|
| 008 | 220216s9999 xx 000 0 und d | ||
| 100 | _aKim J K | ||
| 245 | 0 | _aEffect of blending thermoplastic elastomer with natural rubber compound and studies of short fiber reinforced rubber composite | |
| 260 |
_bJournal of Applied Polymer Science _c1996 |
||
| 300 | _a431-438 | ||
| 520 | _aRubber engineers face difficulties in scorching and vulcanizing during rubber processing, particularly of natural rubber (NR). Therefore, this work tried to solve these problems by blending thermoplastic rubber with NR compound. The results indicated that the scorch resistance of the NR was improved by blending the thermoplastic elastomer styrene-ethylene/butylene-styrene (SEBS). However, its mechanical properties were not found to be improved. Therefore, this study was extended to understand the reinforcement effects of short fiber carbon and glass fiberrs, on the mechanical properties of the thermoplastic elastomer with NR compounds. | ||
| 650 | _aBlending | ||
| 650 | _aFiber reinforced rubber | ||
| 650 | _aNatural rubber compound | ||
| 650 | _aThermoplastic elastomer | ||
| 942 | _cJS | ||
| 999 |
_c57715 _d57715 |
||